000 00939cam a22002893a 4500
001 11024
003 PGUSA
005 20140828083231.0
008 040201s2004||||xxu|||||s|||||000 1 eng d
040 _aPGUSA
_beng
042 _adc
050 4 _aPT
100 1 _aMultatuli,
_d1820-1887
245 1 0 _aMax Havelaar :
_bOf de koffiveilingen der Nederlandsche Handelsmaatschappy
_h[electronic resource] /
_cMultatuli
260 _bProject Gutenberg,
_c2004
506 _aPublic domain in the USA.
516 _aElectronic text
653 _aCulture conflict -- Fiction
653 _aDutch -- Indonesia -- Fiction
653 _aColonies -- Oceania -- Fiction
653 _aPersona (Literature)
653 _aJava (Indonesia) -- Fiction
740 0 _aMax Havelaar Of de koffieveilingen der Nederlandsche Handelsmaatschappy
830 0 _aProject Gutenberg
_v11024
856 4 0 _uhttp://www.gutenberg.org/ebooks/11024
942 _cEB
999 _c240279
_d240279